Time for stock taking : (Record no. 140626)

MARC details
000 -LEADER
fixed length control field 00528nam a22001817a 4500
005 - DATE AND TIME OF LATEST TRANSACTION
control field 20170531154344.0
010 ## - LCCN (DPL NO)
LC control number ENG-118489
020 ## - INTERNATIONAL STANDARD BOOK NUMBER
International Standard Book Number 8185990476
Terms of availability 210.00
035 ## - SYSTEM CONTROL NUMBER
System control number EN-102021
037 ## - SOURCE OF ACQUISITION
Source of stock number/acquisition DBAD/PUB
082 ## - DEWEY DECIMAL CLASSIFICATION NUMBER
Classification number 329
100 ## - MAIN ENTRY--PERSONAL NAME
Personal name Goel, Sita Ram
245 ## - TITLE STATEMENT
Title Time for stock taking :
Remainder of title Whither sangh parivar ? /
Statement of responsibility, etc by Sita Ram Goel
260 ## - PUBLICATION, DISTRIBUTION, ETC. (IMPRINT)
Place of publication, distribution, etc New Delhi
Name of publisher, distributor, etc Voice Of India
Date of publication, distribution, etc 1997
270 ## - ADDRESS
Address 2/18, Ansari Road, New Delhi-110002
300 ## - PHYSICAL DESCRIPTION
Extent xii, 468p
Dimensions 22cm.(pbk)
942 ## - ADDED ENTRY ELEMENTS (KOHA)
Source of classification or shelving scheme Dewey Decimal Classification
Item type English Books
Classification part 329
Call number suffix GOE
Holdings
Withdrawn status Lost status Not for loan Collection code Home library Current library Date acquired Source of acquisition Cost, normal purchase price Full call number Barcode Copy number Cost, replacement price Koha item type
      Non-fiction Patel Nagar Patel Nagar 31/05/2017 DBAD/PUB. 210.00 329 GOE EN-102021 1 210.00 English Books

© Delhi Public Library
Hit Counter
free hit counter